00553nam a2200169 i 450000100060000000300090000600500170001500700030003200800410003508000160007610000490009224501020014126000520024330000360029585200310033185200210036274675ES-MaACL20230906172218.0t|040920s1952 sp ||||1| spa d a66.00.23/241 aGonzález del Tánago y Alegría, José.14aLos materiales de construcción en la Ingeniería química / cJosé González del Tánago. aMadrid : bDossat, c1952 (fNuevas Gráficas) aXIII, 237 p. : bil. ; c25 cm. aES-MaACLjC-6375 bR.35709 aES-MaACLjE-3977